000 00322nam a22001217a 4500
008 160503b xxu||||| |||| 00| 0 eng d
020 _a9780801878138
020 _a0801878136
041 _aeng
080 _a61
245 _aReadings and commentary:
_cEzekiel J.Emanuel; Robert A. Crouch; John D. Arras;
942 _2udc
_cBK
999 _c1737
_d1737